| 000 | 01198 a2200229 4500 | ||
|---|---|---|---|
| 003 | Nust | ||
| 005 | 20230314112825.0 | ||
| 010 | _a 75046122 | ||
| 020 | _a0697061787 | ||
| 040 | _cNust | ||
| 082 | 0 | 0 | _a418.4,SCH |
| 100 | 1 |
_aSchubert, Delwyn G. _9110246 |
|
| 245 | 1 | 0 |
_aImproving the Reading Program / _cDelwyn Schubert, Theodore Torgerson. |
| 250 | _a4th ed. | ||
| 260 |
_aDubuque : _bW. C. Brown Co., _cc1976. |
||
| 300 |
_aix, 422 p. : _bill. ; _c23 cm. |
||
| 505 | _aReading and The Learning Process (Page-1), Class Room Conditions and Practices That Tend to Inhibit Learning (Page-8), Noneducational Hazards to Learning (Page-36), The Development Program in Reading (Page-69), Interest and Motivation (Page-113), Adapting Instruction to Meet Individual Needs (Page-122), Diagnosis in the Instructional Program (Page-142), The Diagnostic Process (Page-186), Correcting Faulty Reading Habits (Page-213), Improving Comprehension ad the Study Skills (Page-274), Reading Improvement Program in Action (Page-354). | ||
| 650 | 0 |
_aIndividualized reading instruction. _9110247 |
|
| 650 | 0 |
_aReading (Elementary) _9110229 |
|
| 700 | 1 |
_aTorgerson, Theodore L., _d1887- _9110248 |
|
| 942 |
_2ddc _cBK |
||
| 999 |
_c185325 _d185325 |
||